Top 10 Current NFL WR In the 2024-2025 Season Sudden Death - Statistics

General Stats
  • This quiz has been taken 1,395 times
  • The average score is 4 of 10
Answers on the Grid
Answers color-coded by a green-red scale on the quiz's grid according to % correct below.
Puka Nacua
Stefon Diggs
Jerry Juedy
A.J Brown
Cooper Kupp
Amon Ra St Brown
Ja'Marr Chase
Justin Jefferson
Drake London
George Pickens
Ceedee Lamb
Davante Adams
Devonta Smith
Jameson Williams
Tyreek Hill
Terry Mclaurin
Chris Godwin
Malik Nabers
DK Metcalf
Garrett Wilson
 
Answer Stats
Answer % Correct
Puka Nacua
71%
Ja'Marr Chase
66%
Justin Jefferson
64%
Amon Ra St Brown
56%
Ceedee Lamb
55%
A.J Brown
40%
Malik Nabers
24%
Davante Adams
17%
Terry Mclaurin
14%
Devonta Smith
5%
No matching quizzes found
Score Distribution
Percent of People with Each Score
Percentile by Number Answered
Your Score History
You have not taken this quiz